000 00287nam a2200121Ia 4500
008 190216s9999||||xx |||||||||||||| ||und||
100 _aRamaiya A
245 0 _aMonopolies And Restrictive Trade Practise Act
260 _bMlj
_c1970
300 _a219p
650 _aCommerce
942 _cBK
999 _c30357
_d30357